| 000 | 00703ngm a2200181 a 4500 | ||
|---|---|---|---|
| 005 | 20230125063555.0 | ||
| 008 | 991125s1989 ea 028 aaspa u | ||
| 035 | _aUPN01000007309 | ||
| 049 | _aAV | ||
| 050 | 4 | _aPVI H 0386 | |
| 245 | 0 | 0 |
_aCazando un empleo : _bfundamentos básicos. |
| 260 |
_aCalifornia [E.U.A.] : _bAIMS MEDIA, _c1989. |
||
| 300 |
_a1 videocasete (VHS) (28 min.) : _bson., col. |
||
| 520 | _aDescribe los pasos a seguir para solicitar un empleo, señala además la importancia de la preparación y habilidad profesional, la apariencia personal y la actitud que se debe tener en la entrevista | ||
| 650 | 2 |
_aEmpleo _917151 |
|
| 650 | 4 |
_aMercado laboral _99469 |
|
| 905 | _aAudiovisuales | ||
| 999 |
_c7309 _d7309 |
||